000 01350cam a22003734a 4500
001 15234374
003 OSt
005 20240710104018.0
008 080326s2009 cau b 001 0 eng
010 _a 2008925839
015 _aGBA8A0989
_2bnb
016 7 _a014697382
_2Uk
020 _a9781412920544
020 _a141292054X
020 _a9781412920551 (pbk.)
020 _a1412920558 (pbk.)
035 _a(OCoLC)ocn228363531
040 _cmust
042 _aukblcatcopy
_alccopycat
050 0 0 _aHQ778.7.G7
_bK57 2009
082 0 4 _a361.3 KIL 2009
_222
100 1 _aKirton, Derek.
_918604
245 1 0 _aChild social work policy & practice /
_cDerek Kirton.
246 3 _aChild social work policy and practice
260 _aLos Angeles :
_bSAGE,
_cc2009.
300 _axv, 224 p. ;
_c25 cm.
504 _aIncludes bibliographical references (p. [187]-214) and index.
650 0 _aChild care
_xGovernment policy
_zGreat Britain.
_918605
856 4 2 _3Publisher description
_uhttp://www.loc.gov/catdir/enhancements/fy0906/2008925839-d.html
856 4 1 _3Table of contents only
_uhttp://www.loc.gov/catdir/enhancements/fy0906/2008925839-t.html
906 _a7
_bcbc
_ccopycat
_d2
_eepcn
_f20
_gy-gencatlg
942 _2ddc
_cO_SHELF
999 _c9136
_d9136